| 000 | 00393nam a2200169Ia 4500 | ||
|---|---|---|---|
| 008 | 210210b1955 xxu||||| |||| 00| 0 eng d | ||
| 041 | _aeng | ||
| 082 | _a444/241 | ||
| 100 | _aMANSION (J E) | ||
| 245 | _aContes et recits | ||
| 260 |
_aLondon _bGeorge G Harrap and Company Limited _c1955 |
||
| 650 | _arecits | ||
| 650 | _aet | ||
| 650 | _aContes | ||
| 690 | _aFrench | ||
| 906 | _a006436 | ||
| 999 |
_c129391 _d129391 |
||